000 00774aas a2200229 4500
999 _c1906
_d1906
003 BR-BrBNA
005 20230317233338.0
007 ta
008 230119b bl ||||| |||| 00| 0 por d
022 _a1517-784X
035 _a000485-5
040 _aBR-BrBNA
_bPor
_cBR-BrBNA
042 _a097655-5
044 _abl
245 _aArchives of Veterinary Science (Brazil)
260 _aCuritiba-PR
_bUniversidade Federal do Paraná. Curso de Pós-Graduação em Ciências Veterinárias
_c2000
_eBPR
270 _aRua dos Funcionários, 1540 - 80035-050-Curitiba-PR
310 _airregular
505 _a1996 1(1); 1997 2(supl); 1998-99 3-4(1); 2000 5(out); 2001-03 6-8(1-2); 2004 9(1-2); 2005 10(1-3); 2006 11(1-2); 2007 12(1-2);
909 _a56
_bSergio Santos
_c56
_dSergio Santos
942 _cCR
_2AGRIS